00462nam a22001457a 4500008004100000040005500041080001800096100002000114245006200134260005200196300001600248650001700264653001600281653001900297230510b |||||||| |||| 00| 0 eng d aNational Science LibrarycNational Science Library a808.2:5bK1.4 aPerry, James W  aScientific RussianbA textbook for classes and self-study aNew York: bInterscience Publisher, Inc, c1961 axxvi, 565p. aLinguistics  aAccusative  aRussian words